| 000 | 01373nab a22002537a 4500 | ||
|---|---|---|---|
| 999 |
_c5378 _d5378 |
||
| 003 | OSt | ||
| 005 | 20250306130020.0 | ||
| 008 | 190603e xxum|||| |||| 00| 0 spa d | ||
| 040 | _cPJ | ||
| 100 |
_95463 _aDepetris, Carlos E. |
||
| 245 | 1 | 3 |
_aEl beneficio de justicia gratuita y las costas en acciones individuales de consumo. Alternativas de decisión y consecuencias prácticas / _cCarlos E. Depetris. |
| 260 |
_cCiudad Autónoma de Buenos Aires : _aThomson Reuters La Ley, _b2024. |
||
| 300 | _ap. 229-239 | ||
| 500 | _aCita Online: TR LALEY AR/DOC/1624/2024. | ||
| 505 | _aSumario: I. Introducción.— II. El problema de las costas en los procesos de consumo.— III. Significado y alcances del beneficio de gratuidad concedido al consumidor.— IV. Las posibilidades de decisión y sus implicancias prácticas.— V. Las excepciones a la condena provisoria propuesta.— VI. Conclusiones generales. | ||
| 505 | _t¿Te interesa el texto completo? Solicitalo al correo: koha@justierradelfuego.gov.ar | ||
| 650 | 0 |
_92608 _aDERECHOS DEL CONSUMIDOR |
|
| 650 | 0 |
_92405 _aBENEFICIO DE LITIGAR SIN GASTOS |
|
| 650 | 0 |
_92533 _aCOSTAS |
|
| 653 | _aFORMA DEL CONTRATO | ||
| 653 | _aFORMA ESCRITA | ||
| 773 | 0 |
_02713 _93170 _dCiudad Autónoma de Buenos Aires : Thomson Reuters La Ley, 2015- _tRevista Código Civil y Comercial. Nº 4 - Agosto 2024 |
|
| 942 |
_2udc _cANA |
||